| 000 | 00536nam a22001937a 4500 | ||
|---|---|---|---|
| 003 | KOHA_MİRAKIL | ||
| 005 | 20240930101007.0 | ||
| 008 | 240929b2018 tu ||||| |||| 00| 0 tur d | ||
| 020 | _a9786056863677 | ||
| 040 |
_aTR-AnABB _btur _cTR-AnABB |
||
| 041 | _atur | ||
| 082 |
_a814.42 _bORM 2018 |
||
| 100 | _aOrman, Ali Rıza. | ||
| 245 | 0 |
_aGörünen mi görünmeyen mi? / _cAli Rıza Orman. |
|
| 260 |
_aAnkara : _bBarış Kitabevi, _c2018. |
||
| 300 |
_a104 sayfa ; _c21 cm. |
||
| 650 | _aTürk edebiyatı, deneme | ||
| 942 |
_2ddc _cBK |
||
| 999 |
_c1729 _d1729 |
||